000 00361 a2200169 4500
001 188134
020 _a85-262-6441-9
040 _cMagnum
100 _aDrummond, Regina
240 1 0 _aDestino transilvânia
_lpor
245 1 0 _aDestino transilvânia
300 _a246
362 0 _a2006
440 1 _aScipione
697 _aLITERATURA GERAL
942 _cBK
999 _c188134
_d188134